Statistiques concernant Les 10 plus grands groupes de luxe mondiaux en 2021

Cliquez ici pour prendre le quiz!

Statistiques générales

  • Ce quiz a été pris 274 fois
  • Le résultat moyen est 3 sur 10

Statistiques - réponses

OrigineRéponse% Correct
1FranceLVMH
83%
6FranceChanel
55%
9FranceHermès
41%
5FranceL'Oréal
34%
2FranceKering
30%
4SuisseRichemont
14%
3Etats-UnisEstée Lauder
5%
8Etats-UnisPVH
2%
10ChineChow Tai Fook
1%
7ItalieEssilorLuxottica
0%

Distribution des résultats

Percentile par nombre de réponses

% des personnes avec chaque résultat

Votre développement - résultats

Vous n’avez pas pris ce quiz